The rise and fall of keynesian economics : an investigation of its contribution to capitalist development

Saved in:
Bibliographic Details
Main Author: Bleaney, M. F.
Format: Book
Language:English
Published: Houndmills : Macmillan, 1985
Series:Radical economics series
Subjects:
Tags: Add Tag
No Tags, Be the first to tag this record!

MARC

LEADER 00000nam a2200000 i 4500
001 1/51113
008 960423s1985 eng d
020 |a 0-333-31666-5 (pbk.) 
035 |l 10027118 
040 |a GR-MY-UA  |b gre  |e aacr 
041 0 |a eng 
082 0 |a 330.156 
100 1 |a Bleaney, M. F. 
245 1 4 |a The rise and fall of keynesian economics :  |b an investigation of its contribution to capitalist development /  |c Michael Bleaney 
260 |a Houndmills :   |b Macmillan,   |c 1985 
300 |a 218 σ. 
490 1 |a Radical economics series 
600 1 0 |a Keynes John Maynard  |d 1883-1946. 
650 0 0 |a Keynesian economics. 
830 0 |a Radical economics series 
852 |a INST  |b CHIOS  |e 19960423  |h 330.156 BlE  |p 005200005833  |q 005200005833  |t BK  |y 0 
852 |a INST  |b CHIOS  |e 19960423  |h 330.156 BlE  |p 005200005834  |q 005200005834  |t BK  |y 0 
909 |a Χ  |b 000131 
909 |a Χ  |b 005084